000 00927nam a22002657a 4500
005 20110905120948.0
008 110905t xxu||||| |||| 00| 0 eng d
010 _aENG-103617
020 _a9789381385463
_c675.00
035 _aEN-87150
037 _bDBAD/PUB
040 _aDPL
_bEng
082 _a342.540853
100 _934250
245 _aRight to information :
_cedited by Anil Kumar
_ba manual /
260 _aDelhi
_bAncient Publishing House
_c2011
270 _aV-75, Street No. 15-A, Vijay Park, Near C-11, Shiv Sadhana Mandir, Yamuna Vihar
_bDelhi
_e110053
300 _avi,304p.
_c22cm (Hb)
500 _aIncludes index
610 _934253
650 _934251
700 _934258
_aAnil Kumar
942 _2ddc
_cEN
_h342.540853
_mRIG
999 _c56289
_d56289